Guess the 1960s song lyrics #86 - Statistics

General Stats
  • This quiz has been taken 24 times
  • The average score is 104 of 165
Answer Stats
Answer % Correct
A
100%
a
100%
I
100%
to
95%
be
90%
me
90%
Me
90%
the
90%
The
90%
what
90%
it
86%
that
86%
and
81%
And
81%
but
81%
But
81%
can
81%
where
81%
her
76%
know
76%
love
76%
man
76%
Then
76%
was
76%
one
71%
am
67%
I'll
67%
it's
67%
too
67%
will
67%
Don't
62%
find
62%
girl
62%
mine
62%
or
62%
had
57%
here
57%
him
57%
I've
57%
solitary
57%
Solitary
57%
time
52%
been
48%
Bein
48%
loved
48%
won't
48%
came
43%
Neil Diamond
43%
That's
43%
thought
43%
along
38%
loving
38%
Right
38%
thing
38%
Havin
33%
love's
33%
stay
33%
Til
33%
until
33%
who'll
33%
wrong
33%
behind
29%
died
29%
found
29%
Holding
29%
Jim
29%
play
29%
Sue
29%
games
24%
small
24%
word
24%
done
19%
Melinda
19%
paper
19%
Part
19%
ring
19%
strong
19%
weak
19%
No matching quizzes found
Score Distribution
Percent of People with Each Score
Percentile by Number Answered
Your Score History
You have not taken this quiz